| 000 | 01052nam a22002531a 4500 | ||
|---|---|---|---|
| 001 | 66868 | ||
| 003 | BD-RjUL | ||
| 005 | 20211209081603.0 | ||
| 008 | 170321s1949 xx b 001 0 eng | ||
| 035 | _a(BD-RjUL)66999 | ||
| 035 | _a(OCoLC)1117192 | ||
| 040 |
_aDLC _cNhD _dDLC _dBD-RjUL _beng |
||
| 041 | _aeng | ||
| 082 |
_a621.384132 _223 _bDEF 1949 |
||
| 100 | 1 |
_aDeketh, Jan. _9198506 |
|
| 245 | 1 | 0 |
_aFundamentals of radio-valve technique : _ban introduction to the physical fundamentals, properties, designs and applications of radio-receiver and power-amplifier valves covering the technical development reached up to December, 1947 / _cTranslated by F.G. Garratt |
| 260 |
_aEindhoven, _bN.V. Philips' Gloeilampenfabrieken, Technical and Scientific Literature Dept., _c1949. |
||
| 300 |
_a022, 535 p. : _billus. ; _c24 cm. |
||
| 490 | 1 | _aPhilips' technical library. Series of books on electronic valves, book 1 | |
| 504 | _aBibliography: p. 513-521. | ||
| 650 | 0 |
_aVacuum-tubes. _9198507 |
|
| 700 |
_aGarratt, F.G. _9198508 |
||
| 942 |
_2ddc _cBK |
||
| 999 |
_c66868 _d66868 |
||